Statistics for Coats of Arms of Europe in 1900

Click here to take the quiz!

General Stats

  • This quiz has been taken 436 times
  • The average score is 21 of 24

Answer Stats

Answer% Correct
France
98%
Italy
98%
United Kingdom
98%
Germany
97%
Portugal
96%
Switzerland
96%
Spain
95%
Austria-Hungary
94%
Ottoman Empire
94%
Russia
93%
Bulgaria
92%
Serbia
91%
Belgium
90%
San Marino
88%
Greece
83%
Netherlands
82%
Sweden-Norway
79%
Andorra
78%
Montenegro
78%
Monaco
76%
Denmark
75%
Romania
72%
Liechtenstein
68%
Luxembourg
67%

Score Distribution

Percentile by Number Answered

Percent of People with Each Score

Your Score History

You have not taken this quiz